000
00246nam a2200097Ia 4500
008
220204s9999 xx 000 0 und d
082
_a
534.31
_b
SYM
245
0
_a
Symposium on transducer technology
260
_a
Bangalore
_b
INSDOC
_c
1975
942
_c
BK
999
_c
24097
_d
24097